[Event "Budapest-chT1 Lilienthal 1213"]
[Site "Budapest"]
[Date "2013.03.10"]
[Round "9"]
[White "Czebe, Attila"]
[Black "Bednay, Bence"]
[Result "1-0"]
[WhiteElo "2491"]
[BlackElo "2186"]
[PlyCount "65"]
[EventDate "2012.09.30"]
[EventType "team-tourn"]
[EventRounds "11"]
[EventCountry "HUN"]
[SourceTitle "EXT 2019"]
[Source "ChessBase"]
[SourceDate "2018.10.10"]
[SourceVersion "1"]
[SourceVersionDate "2018.10.10"]
[SourceQuality "1"]
[WhiteTeam "Budapest REAC SISE"]
[BlackTeam "Budapest EAC"]
[WhiteTeamCountry "HUN"]
[BlackTeamCountry "HUN"]

1. e4 c5 2. Nf3 e6 3. d4 cxd4 4. Nxd4 Nc6 5. Nc3 Qc7 6. f4 a6 7. Be3 b5 8. Nxc6 Qxc6 9. Be2 b4 10. Bf3 Bb7 11. e5 Qc7 12. Ne4 Bxe4 13. Bxe4 Rc8 14. 0-0 Bc5 15. Bxc5 Qxc5+ 16. Kh1 a5 17. Qg4 g6 18. Qh4 Qd4 19. Rfe1 Qxb2 20. Rad1 Ne7 21. Qf6 Rg8 22. Qh4 h5 23. Qf2 Qxa2 24. Qa7 Nd5 25. Qb7 Ke7 26. f5 gxf5 27. Rxd5 exd5 28. Bxf5 Rcd8 29. e6 Kf6 30. e7 Kxf5 31. Rf1+ Ke4 32. exd8Q Rxd8 33. Qc7 1-0

[Event "Budapest-chT1 Lilienthal 1213"]
[Site "Budapest"]
[Date "2012.11.25"]
[Round "4"]
[White "Vargyas, Zoltan"]
[Black "Bednay, Bence"]
[Result "1/2-1/2"]
[WhiteElo "2175"]
[BlackElo "2186"]
[PlyCount "59"]
[EventDate "2012.09.30"]
[EventType "team-tourn"]
[EventRounds "11"]
[EventCountry "HUN"]
[SourceTitle "EXT 2019"]
[Source "ChessBase"]
[SourceDate "2018.10.10"]
[SourceVersion "1"]
[SourceVersionDate "2018.10.10"]
[SourceQuality "1"]
[WhiteTeam "Budapest Ujpest KSE"]
[BlackTeam "Budapest EAC"]
[WhiteTeamCountry "HUN"]
[BlackTeamCountry "HUN"]

1. Nf3 c5 2. c4 Nf6 3. Nc3 e6 4. g3 b6 5. Bg2 Bb7 6. 0-0 Be7 7. d4 cxd4 8. Nxd4 Bxg2 9. Kxg2 0-0 10. e4 Qc8 11. b3 Qb7 12. Qf3 Na6 13. e5 Qxf3+ 14. Nxf3 Ne8 15. Rd1 Nb8 16. a4 f6 17. Ba3 Bxa3 18. Rxa3 fxe5 19. Nxe5 d6 20. Nd3 Nc6 21. b4 Rc8 22. a5 Nb8 23. Nb5 bxa5 24. Rxa5 Rxc4 25. Rxa7 Nc6 26. Ra4 e5 27. Na3 Rd4 28. Nc2 Rc4 29. Ne3 Rd4 30. Nb2 1/2-1/2

[Event "HUN-chT2 Erkel 1213"]
[Site "Hungary"]
[Date "2012.10.07"]
[Round "2.3"]
[White "Bednay, Bence"]
[Black "Hardicsay, Peter"]
[Result "1/2-1/2"]
[WhiteElo "2186"]
[BlackElo "2266"]
[PlyCount "42"]
[EventDate "2012.09.16"]
[EventType "team-tourn"]
[EventRounds "11"]
[EventCountry "HUN"]
[SourceTitle "EXT 2014"]
[Source "ChessBase"]
[SourceDate "2013.11.20"]
[SourceVersion "1"]
[SourceVersionDate "2013.11.20"]
[SourceQuality "1"]
[WhiteTeam "BEAC II"]
[BlackTeam "Szigetszentmiklos"]
[WhiteTeamCountry "HUN"]
[BlackTeamCountry "HUN"]

1. c4 e5 2. e3 Nf6 3. Nc3 d6 4. d4 Nbd7 5. Bd3 g6 6. Nge2 Bg7 7. Rb1 0-0 8. d5 Re8 9. e4 Nh5 10. Be3 Nc5 11. b4 Nxd3+ 12. Qxd3 f5 13. f3 a6 14. Kd2 Bd7 15. c5 f4 16. Bf2 Qg5 17. Rhg1 Kh8 18. a4 Qe7 19. Rb2 Reb8 20. Nc1 b6 21. Nb3 Be8 1/2-1/2

[Event "HUN-chT2 Charousek 1112"]
[Site "Hungary"]
[Date "2012.04.22"]
[Round "9"]
[White "Mullner, Imre"]
[Black "Bednay, Bence"]
[Result "1/2-1/2"]
[WhiteElo "2198"]
[BlackElo "2256"]
[PlyCount "20"]
[EventDate "2011.09.25"]
[EventType "team-tourn"]
[EventRounds "11"]
[EventCountry "HUN"]
[SourceTitle "EXT 2013"]
[Source "ChessBase"]
[SourceDate "2012.11.22"]
[SourceVersion "1"]
[SourceVersionDate "2012.11.22"]
[SourceQuality "1"]
[WhiteTeam "MLTC II"]
[BlackTeam "BEAC"]
[WhiteTeamCountry "HUN"]
[BlackTeamCountry "HUN"]

1. e4 c5 2. Nf3 e6 3. c3 d5 4. exd5 Qxd5 5. d4 Nf6 6. Be2 Nc6 7. 0-0 Be7 8. h3 0-0 9. Be3 cxd4 10. cxd4 Rd8 1/2-1/2

[Event "HUN-chT2 Charousek 1112"]
[Site "Hungary"]
[Date "2012.03.25"]
[Round "8"]
[White "Oltean, Gusztav"]
[Black "Bednay, Bence"]
[Result "1/2-1/2"]
[WhiteElo "2109"]
[BlackElo "2256"]
[PlyCount "31"]
[EventDate "2011.09.25"]
[EventType "team-tourn"]
[EventRounds "11"]
[EventCountry "HUN"]
[SourceTitle "EXT 2013"]
[Source "ChessBase"]
[SourceDate "2012.11.22"]
[SourceVersion "1"]
[SourceVersionDate "2012.11.22"]
[SourceQuality "1"]
[WhiteTeam "Veszprem"]
[BlackTeam "BEAC"]
[WhiteTeamCountry "HUN"]
[BlackTeamCountry "HUN"]

1. Nf3 c5 2. c4 Nf6 3. d4 e6 4. Nc3 cxd4 5. Nxd4 a6 6. Nc2 Qc7 7. e4 Be7 8. Be2 b6 9. Be3 d6 10. 0-0 Bb7 11. f3 Nbd7 12. Rc1 0-0 13. Qd4 Rac8 14. Rfd1 Rfd8 15. Bf2 Ne8 16. Ne3 1/2-1/2

[Event "HUN-chT2 Charousek 1011"]
[Site "Hungary"]
[Date "2011.04.17"]
[Round "9"]
[White "Bednay, Bence"]
[Black "Sipos, Janos"]
[Result "0-1"]
[WhiteElo "2266"]
[BlackElo "2314"]
[PlyCount "64"]
[EventDate "2010.09.12"]
[EventType "team-tourn"]
[EventRounds "11"]
[EventCountry "HUN"]
[SourceTitle "EXT 2012"]
[Source "ChessBase"]
[SourceDate "2011.11.24"]
[SourceVersion "1"]
[SourceVersionDate "2011.11.24"]
[SourceQuality "1"]
[WhiteTeam "BEAC"]
[BlackTeam "Aquaprofit II"]
[WhiteTeamCountry "HUN"]
[BlackTeamCountry "HUN"]

1. d4 Nf6 2. g3 c5 3. Bg2 cxd4 4. Nf3 e5 5. c3 Nc6 6. cxd4 e4 7. Nfd2 d5 8. e3 Bg4 9. f3 exf3 10. Bxf3 h5 11. Bxg4 hxg4 12. 0-0 Bd6 13. Nc3 Qe7 14. Rf2 0-0-0 15. Nf1 Rh5 16. a3 Qe6 17. b4 Nh7 18. e4 Ne7 19. e5 Bc7 20. Nb5 Kb8 21. a4 Rc8 22. Raa2 Nc6 23. Nxc7 Rxc7 24. Rab2 Nxd4 25. Qxd4 Rxc1 26. Rbc2 Rxc2 27. Rxc2 Ng5 28. Qc3 Nf3+ 29. Kh1 Rh8 30. Qc7+ Ka8 31. Ne3 d4 32. Nd5 d3 0-1

[Event "Budapest-chT1 Lilienthal 1011"]
[Site "Budapest"]
[Date "2011.03.06"]
[Round "10"]
[White "Bednay, Dezso"]
[Black "Bednay, Bence"]
[Result "1/2-1/2"]
[WhiteElo "2304"]
[BlackElo "2266"]
[PlyCount "20"]
[EventDate "2010.09.19"]
[EventType "team-tourn"]
[EventRounds "11"]
[EventCountry "HUN"]
[SourceTitle "EXT 2020"]
[Source "ChessBase"]
[SourceDate "2019.10.17"]
[SourceVersion "1"]
[SourceVersionDate "2019.10.17"]
[SourceQuality "1"]
[WhiteTeam "Hid Unio"]
[BlackTeam "Barcza GSC"]
[WhiteTeamCountry "HUN"]
[BlackTeamCountry "HUN"]

1. e4 c5 2. Nf3 Nc6 3. d4 cxd4 4. Nxd4 Nf6 5. Nc3 e5 6. Ndb5 d6 7. Bg5 a6 8. Na3 Qa5 9. Bd2 Qd8 10. Bg5 Qa5 1/2-1/2

[Event "Budapest-chT1 Lilienthal 1011"]
[Site "Budapest"]
[Date "2011.02.27"]
[Round "9"]
[White "Borda, Lajos"]
[Black "Bednay, Bence"]
[Result "1/2-1/2"]
[WhiteElo "2107"]
[BlackElo "2266"]
[PlyCount "28"]
[EventDate "2010.09.19"]
[EventType "team-tourn"]
[EventRounds "11"]
[EventCountry "HUN"]
[SourceTitle "EXT 2020"]
[Source "ChessBase"]
[SourceDate "2019.10.17"]
[SourceVersion "1"]
[SourceVersionDate "2019.10.17"]
[SourceQuality "1"]
[WhiteTeam "Taban Spartacus II"]
[BlackTeam "Barcza GSC"]
[WhiteTeamCountry "HUN"]
[BlackTeamCountry "HUN"]

1. e4 c5 2. Nf3 e6 3. c3 d5 4. e5 Nc6 5. d4 Qb6 6. Bd3 Bd7 7. dxc5 Bxc5 8. Qc2 a5 9. a4 Nge7 10. Bf4 h6 11. h4 h5 12. Na3 Nf5 13. Nb5 Nce7 14. Bg5 Bc6 1/2-1/2

[Event "HUN-chT2 Charousek 1011"]
[Site "Hungary"]
[Date "2010.11.07"]
[Round "5"]
[White "Bednay, Bence"]
[Black "Cibulka, Vladimir"]
[Result "1/2-1/2"]
[WhiteElo "2266"]
[BlackElo "2252"]
[PlyCount "79"]
[EventDate "2010.09.12"]
[EventType "team-tourn"]
[EventRounds "11"]
[EventCountry "HUN"]
[SourceTitle "EXT 2012"]
[Source "ChessBase"]
[SourceDate "2011.11.24"]
[SourceVersion "1"]
[SourceVersionDate "2011.11.24"]
[SourceQuality "1"]
[WhiteTeam "BEAC"]
[BlackTeam "Pannonpower"]
[WhiteTeamCountry "HUN"]
[BlackTeamCountry "HUN"]

1. g3 Nf6 2. Bg2 d5 3. Nf3 c6 4. 0-0 Bf5 5. b3 e6 6. Bb2 Be7 7. d3 h6 8. Nbd2 0-0 9. c4 a5 10. Re1 Na6 11. a3 Re8 12. Rc1 Bf8 13. Qc2 Bh7 14. Qb1 Nc5 15. Ne5 Nfd7 16. Nxd7 Qxd7 17. Qa1 f6 18. d4 Ne4 19. Nxe4 Bxe4 20. Bxe4 dxe4 21. Qb1 f5 22. Red1 Be7 23. Qc2 Bf6 24. e3 Qf7 25. Rd2 Red8 26. Rcd1 h5 27. d5 exd5 28. Bxf6 Qxf6 29. cxd5 Rxd5 30. Rxd5 cxd5 31. Rxd5 b6 32. Qc7 h4 33. Kg2 Rf8 34. Qf4 hxg3 35. hxg3 Qe6 36. Rb5 Rf6 37. a4 Kh7 38. Qh4+ Rh6 39. Qf4 Rf6 40. Qh4+ 1/2-1/2

[Event "HUN-chT2 Charousek 1011"]
[Site "Hungary"]
[Date "2010.10.24"]
[Round "4"]
[White "Bednay, Bence"]
[Black "Forgo, Eva"]
[Result "1-0"]
[WhiteElo "2266"]
[BlackElo "2180"]
[PlyCount "83"]
[EventDate "2010.09.12"]
[EventType "team-tourn"]
[EventRounds "11"]
[EventCountry "HUN"]
[SourceTitle "EXT 2012"]
[Source "ChessBase"]
[SourceDate "2011.11.24"]
[SourceVersion "1"]
[SourceVersionDate "2011.11.24"]
[SourceQuality "1"]
[WhiteTeam "BEAC"]
[BlackTeam "Csuti II"]
[WhiteTeamCountry "HUN"]
[BlackTeamCountry "HUN"]

1. g3 e5 2. Bg2 Nc6 3. c4 Nf6 4. Nc3 Bc5 5. e3 0-0 6. Nge2 Re8 7. d3 Bf8 8. 0-0 d6 9. Rb1 a5 10. a3 Bf5 11. e4 Bd7 12. f4 Nd4 13. Nxd4 exd4 14. Ne2 c5 15. a4 Qc8 16. f5 Bc6 17. Nf4 Nd7 18. g4 Ne5 19. g5 Qd7 20. b3 b6 21. Rb2 Ra7 22. Rbf2 Qc8 23. h4 Bd7 24. h5 Rb7 25. h6 g6 26. Nd5 Be7 27. Bf4 Bd8 28. Bxe5 dxe5 29. Qg4 Qc6 30. Qg3 Bc8 31. Bh3 Ra7 32. Kh2 Rb7 33. Rf3 Ra7 34. fxg6 hxg6 35. Nf6+ Bxf6 36. Rxf6 Qc7 37. Bxc8 Qxc8 38. Rxb6 Re6 39. Rxe6 Qxe6 40. Rf6 Qe8 41. Rb6 Qe7 42. h7+ 1-0

[Event "HUN-chT2 Erkel 0910"]
[Site "Hungary"]
[Date "2010.02.28"]
[Round "7.3"]
[White "Mayer, Istvan"]
[Black "Bednay, Bence"]
[Result "0-1"]
[WhiteElo "2186"]
[BlackElo "2241"]
[PlyCount "54"]
[EventDate "2009.11.08"]
[EventType "team-tourn"]
[EventRounds "11"]
[EventCountry "HUN"]
[SourceTitle "EXT 2011"]
[Source "ChessBase"]
[SourceDate "2010.11.26"]
[SourceVersion "1"]
[SourceVersionDate "2010.11.26"]
[SourceQuality "1"]
[WhiteTeam "Pestszentlorinc"]
[BlackTeam "Barcza"]
[WhiteTeamCountry "HUN"]
[BlackTeamCountry "HUN"]

1. e4 c5 2. Nf3 e6 3. d4 cxd4 4. Nxd4 Nc6 5. Nc3 Qc7 6. Be2 a6 7. a4 Nf6 8. f4 Nxd4 9. Qxd4 Bc5 10. Qc4 0-0 11. Be3 d6 12. Bxc5 dxc5 13. e5 b5 14. Qd3 b4 15. exf6 bxc3 16. Qxc3 Qxf4 17. fxg7 Rd8 18. Qg3 Qd2+ 19. Kf2 Qd4+ 20. Qe3 Qxb2 21. Rhd1 Bb7 22. Qxc5 Qxg7 23. Bf3 Rdc8 24. Qb6 Bxf3 25. gxf3 Rxc2+ 26. Ke3 Qe5+ 27. Kd3 Qe2+ 0-1

[Event "Balatonlelle op 27th"]
[Site "Balatonlelle"]
[Date "2009.06.16"]
[Round "4"]
[White "Meszaros, Tamas"]
[Black "Bednay, Bence"]
[Result "1-0"]
[WhiteElo "2434"]
[BlackElo "2200"]
[PlyCount "55"]
[EventDate "2009.06.13"]
[EventType "swiss"]
[EventRounds "9"]
[EventCountry "HUN"]
[SourceTitle "CBM 131 Extra"]
[Source "ChessBase"]
[SourceDate "2009.09.03"]
[SourceVersion "2"]
[SourceVersionDate "2009.09.16"]
[SourceQuality "1"]

1. e4 g6 2. d4 Bg7 3. Nc3 d6 4. Be3 b6 5. Qd2 Ba6 6. 0-0-0 Bxf1 7. Rxf1 c5 8. Nge2 Nc6 9. d5 Na5 10. b3 b5 11. Nxb5 Rb8 12. Nbc3 Qb6 13. f3 Nc4 14. bxc4 Qb2+ 15. Kd1 Qa1+ 16. Qc1 Bxc3 17. Qxa1 Bxa1 18. Kd2 Bg7 19. Rb1 Ra8 20. Rb7 Nf6 21. Rhb1 Nd7 22. f4 Kd8 23. a4 Nb6 24. a5 Nxc4+ 25. Kd3 Nxa5 26. R7b5 c4+ 27. Kd2 c3+ 28. Kd3 1-0

[Event "HUN-chT2 Charousek 0809"]
[Site "Hungary"]
[Date "2008.12.21"]
[Round "4"]
[White "Bednay, Bence"]
[Black "Pasztor, Ferenc1111"]
[Result "1-0"]
[WhiteElo "2200"]
[BlackElo "2241"]
[PlyCount "89"]
[EventDate "2008.10.26"]
[EventType "team-tourn"]
[EventRounds "11"]
[EventCountry "HUN"]
[SourceTitle "EXT 2010"]
[Source "ChessBase"]
[SourceDate "2010.11.25"]
[SourceVersion "1"]
[SourceVersionDate "2010.11.25"]
[SourceQuality "1"]
[WhiteTeam "Barcza"]
[BlackTeam "Tapolca"]
[WhiteTeamCountry "HUN"]
[BlackTeamCountry "HUN"]

1. e4 e5 2. Nf3 Nf6 3. Nxe5 d6 4. Nf3 Nxe4 5. d3 Nf6 6. d4 d5 7. Bd3 Qe7+ 8. Ne5 Nc6 9. Bb5 Nd7 10. Bxc6 bxc6 11. 0-0 Nxe5 12. dxe5 Qb4 13. c3 Qg4 14. Be3 Qxd1 15. Rxd1 Rb8 16. b4 a5 17. a3 Bg4 18. f3 Bf5 19. Nd2 a4 20. Rac1 Be7 21. c4 Rb7 22. cxd5 cxd5 23. Nb1 Bxb1 24. Rxb1 Rb5 25. Rbc1 Kd7 26. Kf1 c6 27. Rd3 Rc8 28. Rdc3 h5 29. f4 g6 30. Ke2 Bf8 31. g3 Be7 32. Kd3 Bf8 33. h3 Be7 34. g4 hxg4 35. hxg4 Rc7 36. Bc5 Bd8 37. Bd6 Rc8 38. Rh1 Be7 39. Bxe7 Kxe7 40. Kd4 Rb6 41. Rc5 Ra8 42. Rh7 Rba6 43. b5 R6a7 44. Rxc6 Rb8 45. e6 1-0

[Event "HUN-chT2 Maroczy 0708"]
[Site "Hungary"]
[Date "2007.12.09"]
[Round "4"]
[White "Laszlo, Janos"]
[Black "Bednay, Bence"]
[Result "1/2-1/2"]
[WhiteElo "2319"]
[BlackElo "2270"]
[PlyCount "40"]
[EventDate "2007.10.14"]
[EventType "team"]
[EventRounds "11"]
[EventCountry "HUN"]
[SourceTitle "EXT 2009"]
[Source "ChessBase"]
[SourceDate "2008.11.26"]
[SourceVersion "1"]
[SourceVersionDate "2008.11.26"]
[SourceQuality "1"]
[WhiteTeam "Teva"]
[BlackTeam "Barcza"]
[WhiteTeamCountry "HUN"]
[BlackTeamCountry "HUN"]

1. e4 c5 2. Nf3 Nf6 3. e5 Nd5 4. c3 Nc6 5. d4 cxd4 6. cxd4 d6 7. Bc4 e6 8. 0-0 Be7 9. exd6 Qxd6 10. Nc3 Nxc3 11. bxc3 0-0 12. Re1 b6 13. Ng5 Bxg5 14. Bxg5 Bb7 15. Qh5 Ne7 16. Bd3 Nf5 17. g4 g6 18. Qh3 Ng7 19. Qh4 f6 20. Bd2 f5 1/2-1/2

[Event "HUN-chT2 Maroczy 0708"]
[Site "Hungary"]
[Date "2007.11.25"]
[Round "3"]
[White "Bednay, Bence"]
[Black "Mozes, Ervin"]
[Result "1-0"]
[WhiteElo "2270"]
[BlackElo "2333"]
[PlyCount "94"]
[EventDate "2007.10.14"]
[EventType "team"]
[EventRounds "11"]
[EventCountry "HUN"]
[SourceTitle "EXT 2009"]
[Source "ChessBase"]
[SourceDate "2008.11.26"]
[SourceVersion "1"]
[SourceVersionDate "2008.11.26"]
[SourceQuality "1"]
[WhiteTeam "Barcza"]
[BlackTeam "Miskolc EMSE"]
[WhiteTeamCountry "HUN"]
[BlackTeamCountry "HUN"]

1. e4 d5 2. exd5 Qxd5 3. Nc3 Qd6 4. d4 Nf6 5. Nf3 a6 6. g3 b5 7. Bg2 Bb7 8. 0-0 e6 9. Ne5 Bxg2 10. Kxg2 Ra7 11. Bf4 Qb6 12. Qf3 Qb7 13. Rad1 Qxf3+ 14. Kxf3 Bb4 15. Ne4 Nd5 16. Bd2 Bd6 17. Kg2 f5 18. Nxd6+ cxd6 19. Nd3 Nc6 20. Rfe1 Kf7 21. Nf4 Nxf4+ 22. Bxf4 d5 23. c3 Rb7 24. b3 Rd8 25. Re2 h6 26. Rc2 Ke7 27. Bc1 Rc8 28. Ba3+ Kd7 29. Bc5 Nd8 30. a4 bxa4 31. b4 a5 32. Ra2 axb4 33. cxb4 Ra8 34. Rda1 Nc6 35. Rxa4 Rab8 36. Ra6 g5 37. Re1 Re8 38. Rb1 Reb8 39. Re1 Re8 40. Rb1 Rb5 41. Re1 h5 42. Re2 g4 43. Re1 Rb7 44. h3 Rbb8 45. hxg4 hxg4 46. Rh1 Nd8 47. Rh7+ Kc8 1-0

[Event "Budapest FS09 IM"]
[Site "Budapest"]
[Date "2007.09.07"]
[Round "7"]
[White "Fowler, Simon"]
[Black "Bednay, Bence"]
[Result "0-1"]
[WhiteElo "2204"]
[BlackElo "2277"]
[PlyCount "42"]
[EventDate "2007.09.01"]
[EventType "tourn"]
[EventRounds "13"]
[EventCountry "HUN"]
[EventCategory "1"]
[SourceTitle "CBM 120 Extra"]
[Source "ChessBase"]
[SourceDate "2007.11.01"]
[SourceVersion "1"]
[SourceVersionDate "2007.11.01"]
[SourceQuality "1"]

1. e4 c5 2. Nf3 Nf6 3. e5 Nd5 4. Nc3 e6 5. Nxd5 exd5 6. d4 Nc6 7. dxc5 Bxc5 8. Bd3 d6 9. Bg5 Qb6 10. Qe2 0-0 11. exd6 Bg4 12. Be3 d4 13. Bxh7+ Kh8 14. h3 Bxf3 15. Qxf3 Kxh7 16. 0-0-0 dxe3 17. Rd5 Kg8 18. Rh5 exf2 19. Qe4 g6 20. Qh4 Be3+ 21. Kb1 gxh5 0-1

[Event "Budapest FS09 IM"]
[Site "Budapest"]
[Date "2007.09.04"]
[Round "4"]
[White "Bednay, Bence"]
[Black "Brustkern, Juergen"]
[Result "0-1"]
[WhiteElo "2277"]
[BlackElo "2296"]
[PlyCount "84"]
[EventDate "2007.09.01"]
[EventType "tourn"]
[EventRounds "13"]
[EventCountry "HUN"]
[EventCategory "1"]
[SourceTitle "CBM 120 Extra"]
[Source "ChessBase"]
[SourceDate "2007.11.01"]
[SourceVersion "1"]
[SourceVersionDate "2007.11.01"]
[SourceQuality "1"]

1. e4 g6 2. d4 Bg7 3. Nc3 d6 4. f4 c6 5. Be3 d5 6. e5 Nh6 7. Bd3 Qb6 8. Nge2 Qxb2 9. 0-0 Qb6 10. Kh1 Bf5 11. Rb1 Qc7 12. h3 Bxd3 13. Qxd3 f5 14. exf6 exf6 15. f5 Nxf5 16. Bf4 Qd7 17. g4 Ne7 18. Rbe1 Na6 19. Bh2 0-0 20. Nf4 Nc7 21. Qg3 Rfe8 22. Nxg6 hxg6 23. Qxc7 Qxc7 24. Bxc7 Kf7 25. Be5 Ng8 26. a4 Bh6 27. Rb1 b6 28. Rf3 Kg7 29. Bg3 Re3 30. Rbf1 Rae8 31. Kg2 Rxf3 32. Rxf3 Be3 33. Bf2 Bxf2 34. Kxf2 Nh6 35. Ne2 Re4 36. Rd3 f5 37. Nc3 Rf4+ 38. Ke3 g5 39. Ne2 Re4+ 40. Kf3 fxg4+ 41. hxg4 Nxg4 42. Ng3 Nf6 0-1

[Event "Budapest FS09 IM"]
[Site "Budapest"]
[Date "2007.09.01"]
[Round "1"]
[White "Gauri, Shankar"]
[Black "Bednay, Bence"]
[Result "1/2-1/2"]
[WhiteElo "2177"]
[BlackElo "2277"]
[PlyCount "63"]
[EventDate "2007.09.01"]
[EventType "tourn"]
[EventRounds "13"]
[EventCountry "HUN"]
[EventCategory "1"]
[SourceTitle "CBM 120 Extra"]
[Source "ChessBase"]
[SourceDate "2007.11.01"]
[SourceVersion "1"]
[SourceVersionDate "2007.11.01"]
[SourceQuality "1"]

1. d4 Nf6 2. c4 e6 3. Nc3 c5 4. d5 exd5 5. cxd5 d6 6. e4 g6 7. Bd3 Bg7 8. h3 0-0 9. Nf3 b5 10. Bxb5 Nxe4 11. Nxe4 Qa5+ 12. Nfd2 Qxb5 13. Nxd6 Qa6 14. N2c4 Nd7 15. 0-0 Nb6 16. Nxb6 Qxb6 17. Nxc8 Raxc8 18. Rb1 Qd6 19. Bg5 Rb8 20. Re1 Be5 21. Qd2 f6 22. Be3 Rfd8 23. Red1 f5 24. Qa5 Rdc8 25. f4 Bxb2 26. Qxa7 Ra8 27. Bxc5 Qxf4 28. Qb6 Be5 29. Qe6+ Kh8 30. Qxe5+ Qxe5 31. Bd4 Qxd4+ 32. Rxd4 1/2-1/2

[Event "Budapest FS03 IM"]
[Site "Budapest"]
[Date "2007.03.11"]
[Round "9"]
[White "Werner, Dimo"]
[Black "Bednay, Bence"]
[Result "1-0"]
[WhiteElo "2353"]
[BlackElo "2291"]
[PlyCount "81"]
[EventDate "2007.03.03"]
[EventType "tourn"]
[EventRounds "10"]
[EventCountry "HUN"]
[EventCategory "3"]
[SourceTitle "CBM 117 Extra"]
[Source "ChessBase"]
[SourceDate "2007.05.09"]
[SourceVersion "1"]
[SourceVersionDate "2007.05.09"]
[SourceQuality "1"]

1. d4 Nf6 2. c4 e6 3. Nf3 c5 4. d5 exd5 5. cxd5 d6 6. Nc3 g6 7. e4 a6 8. a4 Bg4 9. Qb3 Bxf3 10. gxf3 Qc7 11. Nb1 Nbd7 12. Na3 Bg7 13. Nc4 0-0 14. Bf4 Ne8 15. Bh3 Rb8 16. Bxd7 Qxd7 17. 0-0 b5 18. axb5 Rxb5 19. Qd3 Rb4 20. Bd2 Rb8 21. f4 Nc7 22. Bc3 Bxc3 23. bxc3 Rb3 24. f3 Rfb8 25. Nd2 Rb2 26. c4 Qh3 27. Rf2 R8b6 28. Qe3 Ne8 29. f5 Nf6 30. Qg5 Kg7 31. fxg6 hxg6 32. e5 dxe5 33. Qxe5 a5 34. Raf1 a4 35. Ne4 Rxf2 36. Kxf2 Rb2+ 37. Ke3 Rb3+ 38. Ke2 Qh4 39. d6 a3 40. d7 Rb2+ 41. Kd3 1-0